ការធ្វើនេសាតគ្រួសារនៅស្រុកព្រៃនប់ ក្រុងព្រះសីហនុ (Record no. 3554)

000 -LEADER
fixed length control field 00551nam a22001577a 4500
003 - CONTROL NUMBER IDENTIFIER
control field OSt
005 - DATE AND TIME OF LATEST TRANSACTION
control field 20151117161115.0
008 - FIXED-LENGTH DATA ELEMENTS--GENERAL INFORMATION
fixed length control field 151117b xxu||||| |||| 00| 0 eng d
040 ## - CATALOGING SOURCE
Transcribing agency RUA
082 ## - DEWEY DECIMAL CLASSIFICATION NUMBER
Classification number FIS ហ៊ឹង 1993 B151 Or.1
100 ## - MAIN ENTRY--PERSONAL NAME
9 (RLIN) 3821
Personal name ហ៊ឹង ​សុផានណារិទ្ធ
245 ## - TITLE STATEMENT
Title ការធ្វើនេសាតគ្រួសារនៅស្រុកព្រៃនប់ ក្រុងព្រះសីហនុ
260 ## - PUBLICATION, DISTRIBUTION, ETC. (IMPRINT)
Place of publication, distribution, etc. Phnom Penh
Name of publisher, distributor, etc. RUA
Date of publication, distribution, etc. 1993
300 ## - PHYSICAL DESCRIPTION
Extent 154p.
Other physical details ill.
Dimensions 29cm.
942 ## - ADDED ENTRY ELEMENTS (KOHA)
Source of classification or shelving scheme
Koha item type FIS
Holdings
Price effective from Date last seen Permanent Location Not for loan Date acquired Source of classification or shelving scheme Koha item type Lost status Withdrawn status Date last checked out Total Checkouts Shelving location Damaged status Barcode Current Location Full call number
2015-11-172015-11-17Library Block B 2015-11-17 FIS    B151 RUA012067Library Block BFIS ហ៊ឹង 1993 B151 Or.1
2015-11-172015-11-17Library Block B 2015-11-17 FIS    B151 RUA012059Library Block BFIS ហ៊ឹង 1993 B151 Or.2
2015-11-172018-07-23Library Block B 2015-11-17 FIS  2018-07-131B151 RUA012211Library Block BFIS ហ៊ឹង 1993 B151 Or.3
2015-11-172015-11-17Library Block B 2015-11-17 FIS    B151 RUA012139Library Block BFIS ហ៊ឹង 1993 B151 Or.4
2015-11-172024-01-30Library Block B 2015-11-17 FIS  2023-12-291B151 RUA012132Library Block BFIS ហ៊ឹង 1993 B151 Or.5
2015-11-172015-11-17Library Block B 2015-11-17 FIS    B151 RUA012060Library Block BFIS ហ៊ឹង 1993 B151 Or.6
2015-11-172015-11-17Library Block B 2015-11-17 FIS    B151 RUA012068Library Block BFIS ហ៊ឹង 1993 B151 Or.7
2015-11-172015-11-17Library Block B 2015-11-17 FIS    B151 RUA012069Library Block BFIS ហ៊ឹង 1993 B151 Or.8
2015-11-172015-11-17Library Block B 2015-11-17 FIS    B151 RUA012140Library Block BFIS ហ៊ឹង 1993 B151 Or.8
2015-11-172015-11-17Library Block B 2015-11-17 FIS    B151 RUA012276Library Block BFIS ហ៊ឹង 1993 B151 Or.10
2015-11-172015-11-17Library Block B 2015-11-17 FIS    B151 RUA012141Library Block BFIS ហ៊ឹង 1993 B151 Or.11
2015-11-172015-11-17Library Block B 2015-11-17 FIS    B151 RUA012204Library Block BFIS ហ៊ឹង 1993 B151 Or.12
មជ្ឈមណ្ឌលឯការនៃសាកលវិទ្យាល័យភូមិន្ទកសិកម្មចំការដូង

Powered by Koha